000
00363nam a2200133Ia 4500
008
231129s9999||||xx |||||||||||||| ||spa||
020
_a
84-206-2566-3
040
_b
spa
082
_a
321.8 S251t
100
_a
Sartori Giovanni
245
0
_a
Teoria de la democracia
264
_a
Madrid EspaƱa: Alianza
942
_2
ddc
_c
BKS
999
_c
25201
_d
25201